Click the Batman Villain Quiz Stats

 Plays Quiz Updated Mar 12, 2015

Score 0/25 Timer 05:00
15 Plays Today
% Correct
Riddler
93.7%
Penguin
93.6%
Two-Face
93%
Bane
90%
Scarecrow
89.6%
Harley Quinn
89.3%
Killer Croc
78.4%
The Cluemaster
66.4%
Joe Chill
65.5%
The Mime
62%
Hush
57.3%
The Calculator
57.2%
Kite Man
55.6%
% Correct
Ratcatcher
54.2%
The Gentleman Ghost
53.7%
Polka-Dot Man
49.6%
Doctor Double X
48.1%
The Bouncer
47%
The Penny Plunderer
44.3%
KGBeast
43.6%
Roxy Rocket
43.1%
Crazy Quilt
41.3%
Phosphorus Rex
40.8%
Film Freak
36.7%
The Rainbow Beast
34.6%

You're not logged in!

Compare scores with friends on all Sporcle quizzes.
OR
Log In

Show Comments

Extras

Top Quizzes Today


Score Distribution

Your Account Isn't Verified!

In order to create a playlist on Sporcle, you need to verify the email address you used during registration. Go to your Sporcle Settings to finish the process.

Report this User

Report this user for behavior that violates our Community Guidelines.

Details: